000 00289nam a22001337a 4500
008 181122b xxu||||| |||| 00| 0 eng d
020 _a0962474517
041 _aeng
080 _a070
100 _a40
101 _aMED
245 _aThe Power to Change
_cWaterman,R.H
942 _2udc
_cBK
999 _c52358
_d52358